Water governance / (Record no. 81125)

MARC details
000 -LEADER
fixed length control field 00561nam a22001937a 4500
005 - DATE AND TIME OF LATEST TRANSACTION
control field 20140304104152.0
010 ## - LCCN (DPL NO)
LC control number ENG-108761
020 ## - INTERNATIONAL STANDARD BOOK NUMBER
Terms of availability 550.00
International Standard Book Number 9788184247527
035 ## - SYSTEM CONTROL NUMBER
System control number EN-92294
037 ## - SOURCE OF ACQUISITION
Source of stock number/acquisition DBAD/PUB
082 ## - DEWEY DECIMAL CLASSIFICATION NUMBER
Classification number 333.91
245 ## - TITLE STATEMENT
Title Water governance /
Statement of responsibility, etc edited by R. K. Mishra [and] Samanta Sahu
260 ## - PUBLICATION, DISTRIBUTION, ETC. (IMPRINT)
Place of publication, distribution, etc New Delhi
Name of publisher, distributor, etc Allied Publishers
Date of publication, distribution, etc 2012
270 ## - ADDRESS
Address 1/13-14 Asif Ali Road
City New Delhi
Postal code 110002
300 ## - PHYSICAL DESCRIPTION
Extent xii,254p.
Dimensions 24cm(Hb)
700 ## - ADDED ENTRY--PERSONAL NAME
Personal name Mishra, R.K.
700 ## - ADDED ENTRY--PERSONAL NAME
Personal name Sahu, Samanta
942 ## - ADDED ENTRY ELEMENTS (KOHA)
Source of classification or shelving scheme Dewey Decimal Classification
Item type English Books
Call number suffix WAT
Classification part 333.91
Holdings
Withdrawn status Lost status Not for loan Collection code Home library Current library Date acquired Source of acquisition Cost, normal purchase price Full call number Barcode Copy number Cost, replacement price Koha item type
    Not For Loan Non-fiction D.B.Act.Division D.B.Act.Division 16/12/2013 DBAD/PUB 550.00 333.91 WAT EN-92294 1 550.00 English Books

© Delhi Public Library
Hit Counter
free hit counter